MDQL
is popping MORE tags! Check the
thread
!
Quizzes
Events
Quiz Creation
Community
Videos
Private Events
Remove Ads
Sign In
Join for FREE
Feedback
Dark Mode
Quiz Categories
Sports
Geography
Music
Movies
Television
Just For Fun
Miscellaneous
History
Literature
Language
Science
Gaming
Entertainment
Religion
Holiday
For Kids
Quiz Lab
Recent
Popular Today
Quiz Kudos Today
Editor Picks
Curator Picks
Quizzes by...
Day
Popularity
Type
Ratings
Length
Year
Community
Subscriptions
Recent Discussions
Orange Saloon
Badges
Playlists
Quests
Create
Leaderboards
Showdown
Live 5
Trivia Bingo
Activity
Puzzle Library
Sporcle Events
Private Events
Virtual Trivia
Globe League
Become a Host
Pub Owners
SporcleCon
Opinionation
Our Games
Videos
Blog
Mobile Apps
Partnerships
Remove Ads and Go Orange
Feedback
Sports
Athletes
MLB
NBA
NHL
NFL
Soccer
Sports Teams
WWE
NCAA
Football
Premier League
Basketball
Baseball
Hockey
Golf
Tennis
Cricket
Rugby
Auto Racing
Olympics
World Cup
Sports
Athletes
MLB
NBA
NHL
NFL
Soccer
Sports Teams
WWE
NCAA
Football
Premier League
Basketball
Baseball
Hockey
Golf
Tennis
Cricket
Rugby
Auto Racing
Olympics
World Cup
Random Quiz
Search Sporcle
×
Quiz Lab
Quiz Lab
Sports
Basketball
Type in answers that appear in a list
Type in answers that appear in a list
Classic
Best Score? Go Orange.
NBA 100 Game Starters-Central Division Stats
Can you name the Players who started 100 games for a franchise in the Central Division?
By
mister_pianoman
10m
70 Questions
290 Plays
290 Plays
290 Plays
Comments
Comments
Give Quiz Kudos
Give Quiz Kudos
-
- Ratings
hide this ad
More Info
Replay
Link that replays current quiz
Next Quiz
Link to next quiz in quiz playlist
You Got
0%
They Got
Avg Score
59%
Avg Friend Score
Upgrade to see
Score Distribution
Jump to the score distribution portion of the page
Score
0/70
Timer
10:00
0
Plays Today
Team
Player
% Correct
Cleveland Cavaliers
Lebron James
97.6%
Chicago Bulls
Ben Wallace
95.9%
Detroit Pistons
Ben Wallace
95.9%
Detroit Pistons
Rasheed Wallace
95.9%
Chicago Bulls
Derek Rose
94.5%
Chicago Bulls
Jalen Rose
94.5%
Detroit Pistons
Richard Hamilton
94.5%
Indiana Pacers
Jalen Rose
94.5%
Detroit Pistons
Tayshaun Prince
91.7%
Detroit Pistons
Chauncey Billups
91.4%
Chicago Bulls
Brad Miller
90.7%
Cleveland Cavaliers
Andre Miller
90.7%
Indiana Pacers
Reggie Miller
90.7%
Cleveland Cavaliers
Mo Williams
86.6%
Milwaukee Bucks
Mo Williams
86.6%
Chicago Bulls
Luol Deng
85.2%
Chicago Bulls
Ben Gordon
84.8%
Cleveland Cavaliers
Zydrunas Ilgauskas
84.8%
Milwaukee Bucks
Michael Redd
83.8%
Chicago Bulls
Joakim Noah
80.3%
Indiana Pacers
Danny Granger
79.3%
Chicago Bulls
Kirk Hinrich
78.6%
Milwaukee Bucks
Andrew Bogut
74.8%
Indiana Pacers
Jermaine O'Neal
73.8%
Milwaukee Bucks
Ray Allen
70%
Indiana Pacers
Stephen Jackson
69.7%
Cleveland Cavaliers
Carlos Boozer
68.6%
Chicago Bulls
Ron Artest
67.6%
Detroit Pistons
Rodney Stuckey
67.6%
Indiana Pacers
Ron Artest
67.6%
Chicago Bulls
Antonio Davis
66.2%
Cleveland Cavaliers
Ricky Davis
66.2%
Indiana Pacers
Jamaal Tinsley
64.1%
Detroit Pistons
Cliff Robinson
63.1%
Milwaukee Bucks
Glenn Robinson
63.1%
Team
Player
% Correct
Milwaukee Bucks
Ervin Johnson
62.4%
Chicago Bulls
Eddy Curry
61.7%
Detroit Pistons
Mike Curry
61.7%
Milwaukee Bucks
Tim Thomas
61.4%
Chicago Bulls
Elton Brand
59.7%
Chicago Bulls
Tyson Chandler
59.7%
Detroit Pistons
Jerry Stackhouse
57.9%
Cleveland Cavaliers
Drew Gooden
56.2%
Cleveland Cavaliers
Larry Hughes
55.2%
Indiana Pacers
Mike Dunleavy Jr.
53.4%
Milwaukee Bucks
Joe Smith
53.1%
Milwaukee Bucks
Sam Cassell
52.4%
Indiana Pacers
Jeff Foster
50%
Milwaukee Bucks
TJ Ford
49.3%
Indiana Pacers
Troy Murphy
45.9%
Indiana Pacers
Roy Hibbert
44.1%
Detroit Pistons
Antonio McDyess
43.1%
Indiana Pacers
Al Harrington
36.2%
Chicago Bulls
Jamal Crawford
32.4%
Chicago Bulls
Andres Nocioni
31.4%
Cleveland Cavaliers
Eric Snow
30.3%
Milwaukee Bucks
Anthony Mason
24.8%
Milwaukee Bucks
Desmond Mason
24.8%
Cleveland Cavaliers
Sasha Pavlovic
23.8%
Chicago Bulls
Ron Mercer
21.7%
Milwaukee Bucks
Dan Gadzuric
20%
Detroit Pistons
Chucky Atkins
19.7%
Chicago Bulls
Chris Duhon
19%
Cleveland Cavaliers
Lamond Murray
19%
Milwaukee Bucks
Charlie Bell
17.2%
Milwaukee Bucks
Luc Mbah á Moute
13.8%
Cleveland Cavaliers
Wesley Person
10.7%
Cleveland Cavaliers
Jeff McInnis
6.9%
Cleveland Cavaliers
Ira Newble
6.2%
Chicago Bulls
Trenton Hassell
5.5%
Quiz Playlist
Details
Report
Send in Message
Add To Playlist
More Info:
From 1999-00 season thru 2009-10
Classic:
Type in answers that appear in a list
Last Updated: Feb 16, 2017
Quiz Scoreboard
CHALLENGE
Sign Up to Join the Scoreboard
Show All
Scores
Hide
Comments
May contain spoilers
Recently Published
Holiday 10x10 Sorting Gallery
by lukepisani3
Holiday
15m
Two Season TV Shows II
by 123Four
Television
10m
Image Sorting: Flags VI
by Barbecue
Geography
2m
More to Explore
Quiz From the Vault
Featured Blog Post
14 Easter Pick-up Lines to Find Eggs With
hide this ad
You Might Also Like...
Tags
Basketball Quiz
Board Games Quiz
NBA Quiz
100
central
Division
franchise
Player
Started
team
Today's Top Quizzes in Sports
Browse Sports
hide this ad
Today's Top Quizzes in Basketball
Browse Basketball
Top Contributed Quizzes in Sports
1
Les meilleurs buteurs des matchs entre le PSG et l’OM
2
Les entraîneurs de l'OM et du PSG au 21e siècle
3
2022 World Cup Stars
4
Les joueurs passés par le PSG et l'OM
5
Players with Multiple 50 Home Run Seasons
6
FIFA Club World Cup Champions
7
Criteria MLB: Left Handed Sluggers
8
Les joueurs passés par le LOSC et le RC Lens
9
Top 10 NHL Goal Scorers of All Time
10
NBA Logic Puzzle 2.0
Explore More
Trending Topics
Kpop
NBA
Marvel
Harry Potter
Crossword
Anime
Disney
Song
The Office
Soccer
Country
WWE
NFL
Pokémon
Puzzle
hide this ad
More By:
mister_pianoman
Quiz
Plays
Rating
Category
Featured
Created
NBA Champion Starters (2000s)
575,548
4.38
Sports
Dec 29, 2009
5 Answers to 1: Sports
69,900
4.09
Sports
Aug 26, 2020
5 Answers to 1: Television
66,506
4.51
Television
Aug 18, 2020
5 Answers to 1: History
60,197
4.65
History
Sep 7, 2020
5 Answers to 1: Science
48,469
4.71
Science
Oct 23, 2020
Go to Creator's Profile
Score Distribution
Quiz Creator Spotlight
mister_pianoman
Follow
Send a Message
Quizzes Created
-
Created Quiz Play Count
-
More By This Creator
Popular Quizzes Today
1
Find the US States - No Outlines Minefield
2
Colored Red Africa Blitz
3
Find the 'City' Movie
4
The Countries of the World
5
5x2 Blitz: Bands
6
Find the Countries of Europe - No Outlines Minefield
7
Find the US States
8
US States
More Sports Quizzes
MS Dhoni's Partners in Century ODI Stands
Quiz Lab
Trending Quizzes
Colored Red Europe Blitz I
Colored Red Africa Blitz II
Colored Red Europe Blitz II
Even More Two Season TV Shows
Colored Red Africa Blitz III
Recently Updated
Odd Team Out - Big 4 Players
pecheneg
Quick Pick: 20 Twenties
pecheneg
March Madness Men's Triple Doubles
pecheneg
How Do You Spell That?
pecheneg
Godzilla Movies
pecheneg
Grab Bag: 4-10 Letters
pecheneg
2024 March Madness Bracket
pecheneg
Famous TV Couples
Peacemaker
Champions League XIs: Real Madrid
pecheneg
Largest US Cities 1790-2010
pecheneg
Trending Topics
Harry Potter
Kpop
Anime
NBA
Disney
Marvel
Crossword
Puzzle
WWE
Country
Pokémon
NFL
Soccer
The Office
Song
Your Account Isn't Verified!
In order to create a playlist on Sporcle, you need to verify the email address you used during registration. Go to your
Sporcle Settings
to finish the process.
Report this User
Report this user for behavior that violates our
Community Guidelines
.
Details:
Send Report
Go to the Sporcle.com Mobile Site →
Comments